zpět

Detail výsledku týmu

Harry, Brno

Datum a čas kvízu

24.5 Celkem bodů Celkový počet nahraných bodů na tomto kvízu bez doplňovacích otázek.
16. Pořadí na kvízu Konečné umístění týmu na tomto kvízu.

Zaznamenané odpovědi

# Otázka Odpověď Body Výsledky
1. Minulé úterý jsme si mohli pov... autismus, modrá barva 1
2. Aprílové žerty jsou populární... Volkswagen 1
3. V úterý začal vysílat v Česku... Warner TV 1
4. Minulý týden jsme se dozvěděli... Portál občana 1
5. Ve středu odstartoval ve Spoje... bronzové medaile 0
6. Nobelovu cenu za objev krevníc... Jan Janský 0
7. Ve kterém orgánu lidského těla... ve slezině 0
8. Vyberte nepravdivé tvrzení: B 1
9. Za půl bodu napište, jak se na... Alexej; hemofilie 0.5
10. Někteří bezobratlí živočichové... hemolymfa; krvomíza 0